[Event "ECC"]
[Site "Rethymnon GRE"]
[Date "2003.09.30"]
[Round "3"]
[White "Carlsen,M"]
[Black "McShane,L"]
[Result "1/2-1/2"]
[WhiteElo "2385"]
[BlackElo "2619"]

1.e4 c5 2.Nf3 Nc6 3.Nc3 Nf6 4.d4 cxd4 5.Nxd4 e5 6.Ndb5 d6 7.Bg5 a6 8.Na3 b5
9.Bxf6 gxf6 10.Nd5 f5 11.Bd3 Be6 12.O-O Bxd5 13.exd5 Ne7 14.c3 Bg7 15.Qh5 e4
16.Bc2 Qc8 17.Rae1 O-O 18.Bb3 a5 19.Nxb5 a4 20.Bd1 Qc5 21.Nd4 Qxd5 22.Re3 Qe5
23.Rh3 h6 24.f4 Qf6 25.Kh1 Kh7 26.g4 Qg6 27.Nxf5 Nxf5 28.Qxf5 Qxf5 29.gxf5 Bf6
30.b3 d5 31.bxa4 Rfc8 32.Bb3 Ra5 33.Rd1 Rxc3 34.Rxc3 Bxc3 35.Bxd5 e3 36.Bxf7 Rxf5
37.Rd7 Kh8 38.Bc4 Rxf4 39.Bd3 Rf2 40.Re7 Rxa2 41.Rxe3 Rxa4  1/2-1/2

[Event "Bundesliga 2003-4"]
[Site "Hofheim GER"]
[Date "2003.11.01"]
[Round "1"]
[White "McShane,L"]
[Black "Savchenko,S"]
[Result "1/2-1/2"]
[WhiteElo "2649"]
[BlackElo "2563"]

1.e4 c5 2.Nf3 d6 3.Bc4 Nf6 4.d3 Nc6 5.c3 g6 6.O-O Bg7 7.Be3 O-O 8.Bb3 b6
9.Re1 Bb7 10.Nbd2 Ne5 11.Bc2 Nxf3+ 12.Qxf3 Rc8 13.h3 b5 14.Rac1 Nd7 15.d4 b4
16.Bb3 a5 17.Qe2 Qb6 18.Ba4 Ba6 19.Qd1 Bb5 20.Nf3 Bxa4 21.Qxa4 Qc6 22.Qd1 bxc3
23.bxc3 Nb6 24.Bg5 Rfe8 25.Qe2 h6 26.Bf4 Qa4 27.Rb1 Nc4 28.Rb7 cxd4 29.cxd4 Na3
30.e5 Nc2 31.Rd1 Nb4 32.e6 Qxa2 33.exf7+ Qxf7 34.Bd2 Qc4 35.Qe4 Qf7 36.Bxb4 axb4
37.Rxb4 g5 38.Rb7 Rb8 39.Ra7 Bf6 40.Re1 Rbc8 41.h4 Qg7 42.hxg5 hxg5 43.Qd5+ Kf8
44.g4 Rc3 45.Ra5 Rec8 46.Kg2 Qg6 47.Rh1 Qd3 48.Qf5 Qxf5 49.Rxf5 Ke8 50.Rd1  1/2-1/2

[Event "Bundesliga 2003-4"]
[Site "Bremer GER"]
[Date "2003.11.23"]
[Round "4"]
[White "McShane,L"]
[Black "Kasimdzhanov,R"]
[Result "1/2-1/2"]
[WhiteElo "2649"]
[BlackElo "2668"]

1.e4 e5 2.Nf3 Nc6 3.Bb5 a6 4.Ba4 Nf6 5.O-O Be7 6.Re1 b5 7.Bb3 O-O 8.a4 b4
9.d3 d6 10.a5 Be6 11.Nbd2 Rb8 12.Bc4 Qc8 13.Nf1 Rd8 14.Ne3 Bxc4 15.dxc4 Bf8
16.Qd3 Ne7 17.b3 c6 18.Bb2 Ng6 19.g3 Qh3 20.Rad1 Nf4 21.gxf4 Qxf3 22.Ng2 Qh5
23.f3 Nd7 24.Kh1 Nc5 25.Qe2 f6 26.Rg1 Ne6 27.f5 Ng5 28.Rgf1 Kh8 29.Bc1 Nh3
30.Ne3 Nf4 31.Qf2 d5 32.cxd5 cxd5 33.Nxd5 Nxd5 34.Rxd5 Rxd5 35.exd5 Qxf5
36.Qe2 Rb5 37.Rd1 Bd6 38.Be3 Rxa5 39.Kg2 e4 40.Bf2 Rxd5 41.fxe4 Qg5+ 42.Bg3 Rxd1
43.Qxd1 Bf8 44.Qd5 Qg6 45.Kf3 Qe8 46.Qc4 Qh5+ 47.Ke3 Bc5+ 48.Kd2 Qg5+ 49.Kd1 a5
50.e5 Qe3 51.Qd5 Qg1+ 52.Ke2 Qe3+ 53.Kd1 Qd4+ 54.Qxd4 Bxd4 55.exf6 Bxf6 56.Bc7 Bc3
57.Ke2 g5 58.Kf3 Kg7 59.h4 gxh4 60.Bxa5  1/2-1/2

[Event "It"]
[Site "Pamplona ESP"]
[Date "2003.12.20"]
[Round "1"]
[White "Romero Holmes,A"]
[Black "McShane,L"]
[Result "1/2-1/2"]
[WhiteElo "2544"]
[BlackElo "2649"]

1.e4 c5 2.Nf3 Nc6 3.Nc3 d6 4.d4 cxd4 5.Nxd4 e5 6.Nf3 Be7 7.Bc4 Nf6 8.Qd3 h6
9.Nd5 Be6 10.O-O O-O 11.c3 Qd7 12.b3 Bxd5 13.Bxd5 Bd8 14.Ba3 Bc7 15.Nh4 Nxd5
16.Qxd5 Ne7 17.Qxb7 Rfb8 18.Qa6 Qg4 19.Nf5 Nxf5 20.exf5 Qxf5 21.Qc6  1/2-1/2

[Event "It"]
[Site "Pamplona ESP"]
[Date "2003.12.21"]
[Round "2"]
[White "McShane,L"]
[Black "Bologan,V"]
[Result "0-1"]
[WhiteElo "2649"]
[BlackElo "2673"]

1.e4 c5 2.Nf3 d6 3.c3 Nf6 4.Be2 g6 5.O-O Bg7 6.Bb5+ Bd7 7.Bxd7+ Nbxd7 8.Re1 O-O
9.d4 Ne8 10.Bg5 Nc7 11.d5 h6 12.Be3 f5 13.exf5 Rxf5 14.Nh4 Rxd5 15.Qc2 g5
16.Nf5 Qf8 17.Ng3 Qf7 18.Nd2 Ne5 19.Rf1 Rf8 20.Nde4 Ng6 21.Qa4 Re5 22.c4 Qe6
23.Nc3 a6 24.Rae1 Nf4 25.Qa5 Qd7 26.Nge4 Qc6 27.f3 b5 28.b3 Nd3 29.Re2 Ref5
30.Ng3 R5f7 31.Nce4 Ne5 32.Nh5 Bh8 33.Qe1 bxc4 34.bxc4 Nxc4 35.Bxg5 hxg5
36.Nxg5 Qd5 37.Qg3 Bg7 38.Nxf7 Rxf7 39.Qh3 e6 40.Nxg7 Rxg7 41.Re4 Ne5 42.Rb1 Nd7
43.Qh4 Ne8 44.Qe1 e5 45.Qe2 Qc6 46.Rh4 Nef6 47.f4 Qa4 48.Kh1 Qd4 49.Qxa6 Qf2
50.g3 Qf3+ 51.Kg1 exf4 52.Qc4+ Nd5 53.Rb3 Qd1+ 54.Kf2 Qd2+ 55.Kg1 Qd1+ 56.Kf2 Re7
57.Rxf4 Ne5 58.Rb8+ Kg7 59.Qa4 Nd3+ 60.Kg2 N5xf4+  0-1

[Event "It"]
[Site "Pamplona ESP"]
[Date "2003.12.22"]
[Round "3"]
[White "Karjakin,Sergey"]
[Black "McShane,L"]
[Result "0-1"]
[WhiteElo "2562"]
[BlackElo "2649"]

1.e4 c5 2.Nf3 Nc6 3.d4 cxd4 4.Nxd4 Nf6 5.Nc3 e5 6.Ndb5 d6 7.Bg5 a6 8.Na3 b5
9.Bxf6 gxf6 10.Nd5 f5 11.Bd3 Be6 12.c3 Bg7 13.Nxb5 axb5 14.Bxb5 Bd7 15.exf5 O-O
16.O-O Re8 17.Qf3 e4 18.Qg3 Kh8 19.Qxd6 Be5 20.Qh6 Bxf5 21.Nf4 Bd7 22.Rad1 Rc8
23.Rd5 Qc7 24.g3 Rg8 25.Rfd1 Bg4 26.Be2 Bf5 27.Rc5 f6 28.Bb5 Qb6 29.b4 e3
30.fxe3 Be4 31.Nd5 Qb8 32.Nxf6 Bxg3 33.Nxe4 Bf4+ 34.Ng5 Bxg5 35.Qe6 Bxe3+
36.Kh1 Bxc5 37.Bxc6 Rg6 38.Qf7 Rcxc6 39.bxc5 Rcf6 40.Qd5 Qc7  0-1

[Event "It"]
[Site "Pamplona ESP"]
[Date "2003.12.23"]
[Round "4"]
[White "Illescas Cordoba,M"]
[Black "McShane,L"]
[Result "1/2-1/2"]
[WhiteElo "2602"]
[BlackElo "2649"]

1.e4 c5 2.Nf3 Nc6 3.Bb5 g6 4.O-O Bg7 5.Re1 e5 6.Bxc6 dxc6 7.d3 Qe7 8.Nbd2 Nf6
9.Nc4 Nd7 10.a4 a5 11.b3 O-O 12.Bb2 b6 13.Nfd2 Rb8 14.Qf3 Bh6 15.Qe2 f6 16.Rf1 Rf7
17.g3  1/2-1/2

[Event "TCh-FRA Nat1 GpB"]
[Site "Cannes FRA"]
[Date "2004.01.30"]
[Round "1"]
[White "Renet,O"]
[Black "McShane,L"]
[Result "1/2-1/2"]
[WhiteElo "2517"]
[BlackElo "2651"]

1.d4 Nf6 2.c4 g6 3.Nc3 d5 4.Nf3 Bg7 5.cxd5 Nxd5 6.Bd2 c5 7.Rc1 Nxc3 8.Bxc3 cxd4
9.Nxd4 O-O 10.e3 a6 11.Be2 e5 12.Nb3 Qe7 13.O-O Nc6 14.Na5 Nxa5 15.Bxa5  1/2-1/2

[Event "TCh-FRA Nat1 GpB"]
[Site "Cannes FRA"]
[Date "2004.02.01"]
[Round "3"]
[White "McShane,L"]
[Black "Guidarelli,L"]
[Result "1/2-1/2"]
[WhiteElo "2651"]
[BlackElo "2449"]

1.e4 c5 2.Nf3 d6 3.Bc4 Nc6 4.O-O Nf6 5.d3 Bg4 6.Nbd2 e6 7.c3 Be7 8.Bb3 d5
9.Qe2 Qc7 10.Re1 O-O-O 11.Qf1 Bd6 12.Bd1 g5 13.h3 Bxf3 14.Nxf3 g4 15.hxg4 Nxg4
16.Qe2 dxe4 17.Qxe4 Rhg8 18.Bg5 Bh2+ 19.Kf1 Nxf2 20.Kxf2 Qg3+ 21.Kf1 Rxg5
22.Nxg5 Qxg5 23.Bf3 Bg3 24.Red1 f5 25.Qxe6+ Kc7 26.Re1 Bxe1 27.Rxe1 Rxd3
28.b4 Qf4 29.b5  1/2-1/2

[Event "Varsity Match"]
[Site "London ENG"]
[Date "2004.03.13"]
[Round "1"]
[White "Conlon,J"]
[Black "McShane,L"]
[Result "0-1"]
[WhiteElo "2207"]
[BlackElo "2651"]

1.e4 c5 2.Nf3 Nc6 3.d4 cxd4 4.Nxd4 Nf6 5.Nc3 e5 6.Ndb5 d6 7.Bg5 a6 8.Na3 b5
9.Bxf6 gxf6 10.Nd5 f5 11.Bd3 Be6 12.O-O Bxd5 13.exd5 Ne7 14.c4 Bg7 15.Rb1 bxc4
16.Nxc4 O-O 17.Qh5 e4 18.Be2 Nxd5 19.Bg4 Nf6 20.Qxf5 Nxg4 21.Qxg4 f5 22.Qf4 d5
23.Ne3 Qd7 24.Rfd1 d4 25.g4 fxg4 26.Qxe4 Qf7 27.Nxg4 h5 28.Ne5 Bxe5 29.Qxe5 Qxf2+
30.Kh1 Qf3+ 31.Kg1 Kh7 32.Qc7+ Rf7 33.Qc2+ Kh8  0-1

[Event "Bundesliga 2003-4"]
[Site "Bremer GER"]
[Date "2004.03.28"]
[Round "13"]
[White "McShane,L"]
[Black "Almasi,Z"]
[Result "1/2-1/2"]
[WhiteElo "2651"]
[BlackElo "2633"]

1.e4 e5 2.Nf3 Nc6 3.Bb5 a6 4.Ba4 Nf6 5.O-O Be7 6.Re1 b5 7.Bb3 O-O 8.c3 d5
9.d4 exd4 10.e5 Ne4 11.cxd4 Bg4 12.Nc3 Bxf3 13.gxf3 Nxc3 14.bxc3 f5 15.Kh1 Na5
16.Rg1 Kh8 17.Bc2 c5 18.Qf1 cxd4 19.Qg2 g6 20.Bh6 Rf7 21.cxd4 Rc8 22.Bd3  1/2-1/2

[Event "TCh-FRA Nat1 GpB"]
[Site "Montpellier FRA"]
[Date "2004.04.01"]
[Round "4"]
[White "McShane,L"]
[Black "Karr,JP"]
[Result "1-0"]
[WhiteElo "2651"]
[BlackElo "2364"]

1.e4 c5 2.Nf3 Nc6 3.Bb5 g6 4.Bxc6 dxc6 5.d3 Bg7 6.h3 Nf6 7.Nc3 Nd7 8.Be3 e5
9.Qd2 h6 10.Ng1 Qe7 11.Nge2 Nf8 12.f4 exf4 13.Nxf4 Ne6 14.O-O Nxf4 15.Bxf4 Be6
16.e5 Bd5 17.Rae1 Rd8 18.b3 g5 19.Bg3 O-O 20.Nd1 c4 21.bxc4 Bxc4 22.Nf2 Bxa2
23.Ne4 Be6 24.h4 gxh4 25.Bf2 h3 26.Bc5 Qh4 27.Rf4 Qh5 28.Bxf8 Rxf8 29.d4 Bd5
30.Qf2 hxg2 31.Rh4 Qg6 32.Re3 Kh8 33.Rg3 Qxe4 34.Rxe4 Bxe4 35.Qe2 Bd5 36.c4 Be6
37.Qxg2 Rg8 38.d5 cxd5 39.cxd5 Bd7 40.Qe4 Re8 41.Qf4 Bb5 42.Kh1 Rxe5 43.Qxf7  1-0

[Event "TCh-FRA Nat1 GpB"]
[Site "Montpellier FRA"]
[Date "2004.04.02"]
[Round "5"]
[White "Sokolov,I"]
[Black "McShane,L"]
[Result "0-1"]
[WhiteElo "2706"]
[BlackElo "2651"]

1.d4 Nf6 2.c4 g6 3.Nc3 d5 4.Nf3 Bg7 5.Qa4+ Bd7 6.Qb3 dxc4 7.Qxc4 O-O 8.Bf4 c6
9.e4 b5 10.Qb3 Be6 11.Qc2 Qa5 12.Bd2 b4 13.Nd1 Qb6 14.Ne3 b3 15.axb3 Bxb3
16.Qb1 c5 17.Nc4 Bxc4 18.Bxc4 cxd4 19.e5 Nfd7 20.e6 fxe6 21.Ng5 Ne5 22.Bxe6+ Kh8
23.O-O Nbd7 24.Bd5 Rac8 25.Ne6 Rf6 26.Nxg7 Kxg7 27.Qe4 Rf5 28.Bf4 Qf6 29.Bg3 Rd8
30.b4 Nb6 31.Bb3 Rd7 32.h4 Nec4 33.Rfd1 e5 34.Rac1 Nd6 35.Qd3 Nf7 36.b5 Nd5
37.Rc5 Nf4 38.Qc4 Qe7 39.Rc6 Nd6 40.Qf1 Ne4 41.Qe1 Nxg3 42.fxg3 Nd5 43.Bxd5 Rxd5
44.Qe4 Rxb5 45.Rxd4 Rb1+ 46.Qxb1 exd4 47.Kh2 Rf7 48.Qa1 Qe5 49.Rc4 Rd7 50.Ra4 Qc5
51.Ra5 Qc3 52.Qa4 Qc7 53.Qa1 h5 54.Ra6 Kh7 55.Qf1 Qe5 56.Ra3 Qe7 57.Qd3 Qc5
58.Rb3 Qf5 59.Qc4 d3 60.Rb8 Qf6 61.Qg8+ Kh6 62.Qe8 Qd4 63.Qf8+ Qg7 64.Qf4+ Kh7
65.Qd2 Qe5 66.Rc8 Qd4 67.Ra8 Rb7 68.Qa2 Rg7 69.Qd2 Rg8 70.Rxg8 Kxg8 71.Qh6 Qd6
72.Qd2 Kh7 73.Qf2 Qd7 74.Qd2 Qd4 75.Kh1 a5 76.g4 hxg4 77.h5 Qa1+ 78.Kh2 Qe5+
79.Kg1 Qc5+ 80.Kf1 g3 81.hxg6+ Kg7 82.Qe3 Qf5+ 83.Ke1 Qf2+ 84.Kd1 Qe2+  0-1

[Event "TCh-FRA Nat1 GpB"]
[Site "Montpellier FRA"]
[Date "2004.04.03"]
[Round "6"]
[White "McShane,L"]
[Black "Mancini,M"]
[Result "1-0"]
[WhiteElo "2651"]
[BlackElo "2309"]

1.d4 d5 2.c4 e6 3.Nc3 Be7 4.Nf3 Nf6 5.Bg5 O-O 6.e3 b6 7.Bd3 Bb7 8.O-O Nbd7
9.Qe2 Ne4 10.Bf4 Nxc3 11.bxc3 dxc4 12.Bxc4 c5 13.e4 cxd4 14.cxd4 Nf6 15.Bd3 Qd7
16.a4 Rfc8 17.Rfd1 Rc3 18.Bb1 Rac8 19.Ne5 Qe8 20.f3 h6 21.Bd3 Qd8 22.Be3 Ne8
23.Ra2 Nd6 24.Bd2 R3c7 25.a5 Bf6 26.a6 Ba8 27.Be3 Qe8 28.Ng4 Be7 29.Bf4 Rc3
30.Qf2 h5 31.Ne3 b5 32.Qg3 h4 33.Qg4 Qd8 34.Be5 Bf8 35.Re2 Rc1 36.Ree1 Rxd1
37.Rxd1 b4 38.Kf2 b3 39.d5 exd5 40.exd5 Rb8 41.Qh5 f5 42.Nxf5 Nxf5 43.Bxf5 Bc5+
44.Kf1  1-0

[Event "TCh-FRA Nat1 GpB"]
[Site "Montpellier FRA"]
[Date "2004.04.04"]
[Round "7"]
[White "Becker,Marc1"]
[Black "McShane,L"]
[Result "0-1"]
[WhiteElo "2391"]
[BlackElo "2651"]

1.c4 e5 2.g3 Nf6 3.Bg2 Nc6 4.Nf3 Bc5 5.O-O d6 6.Nc3 O-O 7.d3 h6 8.a3 a6 9.e3 Ba7
10.Qc2 Be6 11.b3 Qd7 12.Bb2 Rac8 13.Rac1 Bg4 14.Nd2 Bh3 15.b4 Nh7 16.Rce1 Rfe8
17.Nd1 Bg4 18.Kh1 f5 19.Nb3 Nf6 20.f4 Bxd1 21.Qxd1 Ng4 22.fxe5 Nxe3 23.Rxe3 Bxe3
24.Bd5+ Kh7 25.e6 Rxe6 26.Bxe6 Qxe6 27.Qf3 Bg5 28.Qxf5+ Qxf5 29.Rxf5 Kg6
30.Rf2 Re8 31.Kg2 h5 32.b5 axb5 33.cxb5 Ne7 34.Re2 Ra8 35.b6 Nd5 36.bxc7 Nxc7
37.Re4 Ra6 38.Rb4 b6 39.Rc4 Nd5 40.Rc6 Be7 41.Nd2 Kf7 42.Ne4 Ke8 43.Rc8+ Bd8
44.Rc6 Ne3+ 45.Kf3 Nf5 46.Rc1 Kd7 47.g4 hxg4+ 48.Kxg4 g6 49.Ng3 Ra4+ 50.Kf3 Nh4+
51.Ke2 d5 52.Rf1 Be7 53.Rf7 Ke6 54.Rh7 Ng2 55.Rg7 Nf4+ 56.Kf3 g5 57.Rg8 Nxd3
58.Rg6+ Kd7 59.Rxb6 Bc5 60.Rb5 Kc6 61.Rxc5+ Kxc5 62.Bg7 Rf4+ 63.Ke3 Kc4 64.Ne2 Re4+
65.Kd2 Rh4  0-1

[Event "ACP Blitz Prelim1"]
[Site "playchess.com INT"]
[Date "2004.04.12"]
[Round "1"]
[White "Komarov,D"]
[Black "McShane,L"]
[Result "1-0"]
[WhiteElo "2565"]
[BlackElo "2656"]

1.Nf3 Nf6 2.c4 g6 3.g3 Bg7 4.Bg2 O-O 5.O-O d6 6.Nc3 Nc6 7.Rb1 a5 8.a3 e5
9.d3 Be6 10.Bg5 Qd7 11.Bxf6 Bxf6 12.b4 axb4 13.axb4 Bg7 14.b5 Ne7 15.Ng5 c6
16.Nxe6 Qxe6 17.bxc6 bxc6 18.Rb7 f5 19.Qb3 Rad8 20.Ra1 Bf6 21.Raa7 Kh8 22.e3 Ra8
23.h3 Rxa7 24.Rxa7 Qc8 25.Qa3 Qb8 26.Rd7 Rd8 27.Rxd8+ Qxd8 28.Qa7 Qc8 29.Na4 f4
30.Nc3 fxg3 31.fxg3 Nf5 32.Ne4 Qf8 33.g4 Nh4 34.Qd7 Be7 35.Qxc6 Qb8 36.Qd7 Qf8
37.Qe6 Kg7 38.c5 dxc5 39.Qxe5+ Kf7 40.Ng5+ Bxg5 41.Bd5+  1-0

[Event "ACP Blitz Prelim1"]
[Site "playchess.com INT"]
[Date "2004.04.12"]
[Round "2"]
[White "McShane,L"]
[Black "Pelletier,Y"]
[Result "1-0"]
[WhiteElo "2656"]
[BlackElo "2581"]

1.e4 c5 2.Nf3 d6 3.d4 cxd4 4.Nxd4 Nf6 5.f3 Nc6 6.c4 Qb6 7.Nc2 g6 8.Nc3 Bg7
9.Bd3 O-O 10.Rb1 e6 11.Be3 Qc7 12.O-O a6 13.Be2 b6 14.Qd2 Rd8 15.Rfd1 Rb8
16.Bf1 Bb7 17.Qf2 Ba8 18.Rbc1 Nd7 19.Nd4 Nxd4 20.Bxd4 Bh6 21.Be3 Bg7 22.Rc2 Ne5
23.b3 Nd7 24.Bd4 Bh6 25.Na4 Nc5 26.Nc3 Qe7 27.Be3 Bg7 28.Qg3 Be5 29.Qf2 Bg7
30.Qe1 Bc6 31.Ne2 Be8 32.Nd4 Qb7 33.Qh4 b5 34.cxb5 axb5 35.b4 Na4 36.Rdc1 Rdc8
37.Rxc8 Rxc8 38.Rxc8 Qxc8 39.Nxb5 Bxb5 40.Bxb5 Nc3 41.Bf1 Nxa2 42.b5 Nc3
43.Qe7 Bf8 44.Qa7 Nd1 45.Bd4 e5 46.Bb6 Qc2 47.h4 h5 48.Qc7 Qd2 49.Qc6 Kg7
50.Qd5 Qc2 51.Ba7 Be7 52.Qd3 Qc1 53.b6 Qc5+ 54.Kh2 Nf2 55.Qe2 Bxh4 56.g3 Bg5
57.Kg2 Nd3 58.Qxd3 Be3 59.Qe2 Bg1 60.Kh3 Bd4 61.Kg2 Qc8 62.Qc4 Qb7 63.Qd5 Qc8
64.b7 Qc2+ 65.Kh3 Qf2 66.Bg2 Qg1 67.Bxd4 exd4 68.b8=Q  1-0

[Event "ACP Blitz Prelim1"]
[Site "playchess.com INT"]
[Date "2004.04.12"]
[Round "3"]
[White "Sasikiran,K"]
[Black "McShane,L"]
[Result "1/2-1/2"]
[WhiteElo "2659"]
[BlackElo "2656"]

1.d4 Nf6 2.Nf3 g6 3.Bg5 Bg7 4.Nbd2 O-O 5.c3 d6 6.e4 Nbd7 7.Be2 e5 8.O-O Qe8
9.Qc2 h6 10.Bh4 Nh5 11.Rfe1 Nf4 12.Bf1 b6 13.a4 a5 14.Rad1 Bb7 15.Bb5 c6
16.Bf1 Qe6 17.dxe5 dxe5 18.Nc4 g5 19.Bg3 Rad8 20.Nd6 Ba8 21.Nf5 Nf6 22.Nd2 Rfe8
23.f3 Qc8 24.Nc4 Qc7 25.Bf2 c5 26.Ncd6 Rf8 27.Bc4 Ne6 28.Qb3 Kh7 29.Nxf7 Rxf7
30.Bxe6 Rff8 31.h3 Bc6 32.Bc4 Nh5 33.Bb5 Nf4 34.Bc4 Be8 35.Rxd8 Qxd8 36.Rd1 Qc7
37.Rd6 Rxf5 38.Qxb6 Qxb6 39.Rxb6 Rf6 40.Rb7 Rd6 41.Bxc5 Rd1+ 42.Kh2 Kg6 43.Rb6+ Kh7
44.Rb7 Bd7 45.Be3 Bxa4 46.Ra7 Bc2 47.Rxa5 Kg6 48.Ra6+ Bf6 49.b4 Bd3 50.Rd6 Be2
51.Rxd1 Bxd1 52.b5 Bd8 53.b6 Be2 54.Bxe2 Nxe2 55.b7 Bc7 56.Ba7 Nxc3 57.b8=Q Bxb8
58.Bxb8 Kf6 59.Kg3 Ne2+ 60.Kf2 Nf4 61.Bd6 h5 62.Ba3 h4 63.Kf1 Ke6 64.Bc1 Kd6
65.Be3 Ke6 66.Kg1 Kf6 67.Kh2 Kg6 68.g3 hxg3+ 69.Kxg3 Nh5+ 70.Kf2 Kf6 71.Ke2 Ng7
72.Kd3 Ne6 73.Kc4 Nf8 74.Kd5 Ng6 75.Kd6 Nh4 76.Bb6 Nxf3 77.Bd8+ Kg6 78.Kd5 Kh5
79.Ke6 g4 80.hxg4+ Kxg4 81.Bf6 Nd2 82.Kxe5 Nxe4 83.Kxe4  1/2-1/2

[Event "ACP Blitz Prelim1"]
[Site "playchess.com INT"]
[Date "2004.04.12"]
[Round "5"]
[White "Fontaine,R"]
[Black "McShane,L"]
[Result "1-0"]
[WhiteElo "2525"]
[BlackElo "2656"]

1.e4 e5 2.Nf3 Nc6 3.Bb5 Nf6 4.d3 d6 5.O-O g6 6.h3 Bg7 7.c3 O-O 8.Re1 Bd7
9.Nbd2 Nh5 10.Nf1 h6 11.Ba4 Kh8 12.d4 Qe7 13.dxe5 dxe5 14.b4 Rad8 15.Qc2 a6
16.Be3 b6 17.Bb3 f5 18.a4 f4 19.Bc1 Qf6 20.Ba3 Ne7 21.N1h2 Nc8 22.Ng4 Qe7
23.b5 Nd6 24.bxa6 Ra8 25.Bc4 c5 26.Bf1 Nf6 27.Nxf6 Rxf6 28.a5 b5 29.Bxc5 Rxa6
30.Red1 g5 31.Rd5 Re6 32.Rad1 Bf8 33.Nxe5 Be8 34.Nf3 Qh7 35.Bd3 Bg6 36.e5 Ne4
37.Bxf8 Re8 38.Bb4 h5 39.Re1 g4 40.Bxe4 gxf3 41.gxf3 Rg8 42.Kf1 Qf7 43.c4 Qe6
44.Ke2 bxc4 45.Qxc4 Rc6 46.Qd3 Bf7 47.Rd6 Qa2+ 48.Bd2 Bc4 49.Rxc6 Bxd3+ 50.Bxd3 Qd5
51.Be4 Qd4 52.Bc3 Qa4 53.e6+ Rg7 54.Rc8+  1-0

[Event "ACP Blitz Prelim1"]
[Site "playchess.com INT"]
[Date "2004.04.12"]
[Round "8"]
[White "McShane,L"]
[Black "Karjakin,Sergey"]
[Result "1-0"]
[WhiteElo "2656"]
[BlackElo "2580"]

1.e4 c5 2.Nc3 d6 3.g3 Nc6 4.Bg2 g6 5.d3 Bg7 6.Nge2 e6 7.O-O Nge7 8.Be3 Nd4
9.Qd2 O-O 10.Nc1 Rb8 11.Nd1 b5 12.c3 Ndc6 13.d4 c4 14.Bh6 e5 15.d5 Na5 16.b4 cxb3
17.axb3 Bxh6 18.Qxh6 b4 19.Qd2 bxc3 20.Qxc3 Rb5 21.b4 Nb7 22.Rxa7 Qb6 23.Ra4 Bg4
24.Ne3 Rc8 25.Qa3 Bd7 26.Ne2 Qd8 27.Nc3 Rb6 28.Ra7 Rb8 29.Nc4 Bb5 30.Nxb5 Rxb5
31.Rc1 f5 32.Qa4 Qe8 33.Na3 Nc8 34.Rxc8 Qxc8 35.Nxb5 Qc1+ 36.Bf1 fxe4 37.Rxb7 Rf8
38.Qa7  1-0

[Event "ACP Blitz Prelim1"]
[Site "playchess.com INT"]
[Date "2004.04.12"]
[Round "11"]
[White "McShane,L"]
[Black "Lobron,E"]
[Result "1-0"]
[WhiteElo "2656"]
[BlackElo "2493"]

1.e4 c5 2.Nf3 e6 3.c3 d5 4.e5 Nc6 5.d4 Bd7 6.Be2 Rc8 7.O-O Nge7 8.Na3 cxd4
9.cxd4 Ng6 10.Nc2 Be7 11.Bd2 f6 12.exf6 Bxf6 13.b4 O-O 14.b5 Na5 15.Ne3 Nf4
16.Bb4 Rf7 17.Ng4 Nc4 18.a4 h5 19.Ne3 Nxe2+ 20.Qxe2 Be8 21.Rac1 Rfc7 22.Nxc4 Rxc4
23.Bd2 Qd6 24.Rfe1 Bg6 25.Rxc4 Rxc4 26.Bg5 Rc2 27.Qe3 Kf7 28.Bxf6 Kg8 29.Be5  1-0

[Event "ACP Blitz Prelim1"]
[Site "playchess.com INT"]
[Date "2004.04.12"]
[Round "12"]
[White "Volkov,S1"]
[Black "McShane,L"]
[Result "0-1"]
[WhiteElo "2629"]
[BlackElo "2656"]

1.d4 Nf6 2.c4 e6 3.Nc3 d5 4.cxd5 exd5 5.Bg5 Be7 6.e3 O-O 7.Nf3 Nbd7 8.Bd3 Re8
9.O-O Nf8 10.Qc2 c6 11.h3 Be6 12.Rab1 a5 13.Rbe1 N6d7 14.Bf4 Ng6 15.Bh2 Bf6
16.Kh1 Rc8 17.Na4 Ngf8 18.Ne5 Bh4 19.Rd1 Nxe5 20.dxe5 f6 21.g3 Bxh3 22.gxh4 Bxf1
23.Rxf1 fxe5 24.Bf5 Rc7 25.Bg3 Rf7 26.e4 h6 27.Rd1 Qf6 28.Nc3 Rd8 29.Ne2 Kh8
30.Qc3 Re8 31.Qxa5 Ng6 32.h5 Nh4 33.Bg4 Qg5 34.Bh3 Qxh5 35.Qd2 Nf3  0-1

[Event "ACP Blitz Prelim1"]
[Site "playchess.com INT"]
[Date "2004.04.12"]
[Round "14"]
[White "Kiriakov,P"]
[Black "McShane,L"]
[Result "1/2-1/2"]
[WhiteElo "2568"]
[BlackElo "2656"]

1.d4 Nf6 2.c4 g6 3.Nc3 d5 4.Nf3 Bg7 5.Bg5 Ne4 6.cxd5 Nxg5 7.Nxg5 e6 8.Nf3 exd5
9.e3 O-O 10.b4 Be6 11.Be2 Qd6 12.Qb3 h6 13.O-O Nd7 14.Rac1 c6 15.Na4 b6 16.Nb2 a5
17.a3 Rfc8 18.Nd3 b5 19.Rc3 Nb6 20.Nc5 axb4 21.axb4 Bf5 22.Rcc1 Nc4 23.Ra1 Bf8
24.Rfc1 Qf6 25.Ra2 Bd6 26.Rca1 Rxa2 27.Rxa2 Re8 28.Ra6 Bb8 29.Qd1 Qd6 30.g3 Bc8
31.Ra8 Nb6 32.Ra2 Qe7 33.Bf1 h5 34.Bg2 Nc4 35.Ra8 Bd6 36.Qa1 Kg7 37.Qa7 Bc7
38.Qa1 Bb6 39.Rb8 Bc7 40.Ra8 Nb6 41.Ra7 Qd6 42.Ne5 Re7 43.Ned3 Bf5 44.Nf4 Nc4
45.Rb7 h4 46.Ra7 hxg3 47.hxg3 Qf6 48.Ra6 Bc8 49.Nxd5 Qg5 50.Nxe7 Bxa6 51.Qxa6 Qxe7
52.Qxc6 Nxe3 53.Qe4 Qxe4 54.Bxe4 Nd1 55.Bd3 Nc3 56.Kg2 Bd8 57.Kf3 Bf6 58.Nb3 Be7
59.Nc5 Bf6 60.Ke3 Nd5+ 61.Ke4 Nc3+ 62.Ke3 Nd5+ 63.Ke4 Nc3+ 64.Ke3  1/2-1/2

[Event "ACP Blitz Prelim1"]
[Site "playchess.com INT"]
[Date "2004.04.12"]
[Round "16"]
[White "Berry,J"]
[Black "McShane,L"]
[Result "0-1"]
[WhiteElo "2255"]
[BlackElo "2656"]

1.e4 c5 2.Nc3 Nc6 3.g3 g6 4.Bg2 Bg7 5.d3 d6 6.Nh3 Nf6 7.O-O O-O 8.Be3 Rb8
9.Qd2 b5 10.Bh6 b4 11.Nd1 Nd4 12.Bxg7 Kxg7 13.f4 Qc7 14.Ne3 a5 15.g4 Bxg4
16.Nxg4 Nxg4 17.c3 bxc3 18.bxc3 Nc6 19.Rae1 a4 20.e5 dxe5 21.fxe5 Ngxe5 22.Qf4 Rbc8
23.Ng5 h6 24.Bxc6 hxg5 25.Qxe5+ Qxe5 26.Rxe5 Rxc6 27.Rxe7 Rd6 28.Rf3 g4 29.Rf4 Rxd3
30.Rxg4 a3 31.Ra7 Rxc3 32.Rga4 Rd8 33.Rxa3 Rd1+ 34.Kf2 Rd2+ 35.Ke1 Rxa3 36.Rxa3 Rxh2
37.Rc3 Rxa2 38.Rxc5 f6 39.Kf1 g5 40.Kg1 Kg6 41.Rc6 g4 42.Rb6 Kg5 43.Rc6 f5
44.Rc5 g3 45.Rb5 Kg4 46.Rb4+ f4 47.Rc4 Kh3 48.Kf1 Ra1+  0-1

[Event "ACP Blitz Prelim1"]
[Site "playchess.com INT"]
[Date "2004.04.12"]
[Round "17"]
[White "McShane,L"]
[Black "Iordachescu,V"]
[Result "0-1"]
[WhiteElo "2656"]
[BlackElo "2627"]

1.e4 g6 2.d4 Bg7 3.Nf3 d6 4.Bd3 Nf6 5.c3 O-O 6.O-O Nbd7 7.Na3 e5 8.Re1 a6
9.Nc2 b6 10.a4 Bb7 11.Bg5 h6 12.Bh4 Qe8 13.Nd2 Nh5 14.Bf1 Kh8 15.a5 b5 16.f3 f5
17.d5 Ndf6 18.c4 bxc4 19.Bxc4 fxe4 20.Nxe4 g5 21.Bf2 Nxe4 22.fxe4 Qg6 23.b4 g4
24.Ra3 Rf4 25.Rae3 Raf8 26.R1e2 Nf6 27.Bd3 h5 28.Bh4 Bh6 29.Re1 Nh7 30.R3e2 Bg5
31.Bg3 R4f7 32.Ne3 h4 33.Bf2 Bxe3 34.Bxe3 Ng5 35.Bxg5 Qxg5 36.Qd2 Qf6 37.Qc1 Bc8
38.Rc2 g3 39.Qe3 Qg7 40.Rd2 Rf2 41.Rc2 R8f7 42.Rd2 Kg8 43.h3 Qf6 44.Rc2 Rxc2
45.Rd1 Rf2 46.Be2 Rxe2 47.Qxe2 Qf2+ 48.Qxf2 Rxf2 49.Rc1 Rb2 50.Rd1 Rxb4 51.Rc1 Bd7
52.Kf1 Bb5+ 53.Ke1 Rxe4+ 54.Kd1 Rd4+ 55.Ke1 Rxd5 56.Rxc7 e4 57.Re7 Re5 58.Rc7 e3
59.Rc2 e2 60.Rd2 Rf5  0-1

[Event "It"]
[Site "Biel SUI"]
[Date "2004.07.20"]
[Round "2"]
[White "McShane,L"]
[Black "Pelletier,Y"]
[Result "0-1"]
[WhiteElo "2643"]
[BlackElo "2597"]

1.e4 c5 2.Nf3 d6 3.d4 cxd4 4.Nxd4 Nf6 5.Nc3 a6 6.Be2 e6 7.f4 Nc6 8.Be3 Be7
9.O-O O-O 10.a4 Re8 11.Kh1 Qc7 12.Bf3 Rb8 13.Qe1 e5 14.Nde2 Bf8 15.Qf2 b5
16.axb5 axb5 17.Nd5 Nxd5 18.exd5 Nb4 19.fxe5 Rxe5 20.Ba7 Rb7 21.Bd4 Re8 22.Nc3 Bf5
23.Bd1 Bg6 24.Qd2 Qc8 25.Rc1 Rbe7 26.Bg1 Re5 27.Nxb5 Nxd5 28.Bf3 Ne3 29.Bxe3 Rxe3
30.h3 Qb8  0-1

[Event "It"]
[Site "Biel SUI"]
[Date "2004.07.23"]
[Round "5"]
[White "McShane,L"]
[Black "Ponomariov,R"]
[Result "1-0"]
[WhiteElo "2643"]
[BlackElo "2722"]

1.e4 c5 2.Nf3 d6 3.d4 cxd4 4.Nxd4 Nf6 5.f3 e5 6.Nb3 a5 7.a4 Nc6 8.Bb5 Be7
9.c4 O-O 10.Be3 Na7 11.Nc3 Be6 12.Qd3 Nh5 13.g3 f5 14.Nd2 fxe4 15.fxe4 Bg5
16.O-O-O Bxe3 17.Qxe3 Nf6 18.Rhf1 Qc7 19.b3 Nc6 20.Nf3 Bh3 21.Rfe1 Bg4 22.Rd2 Nxe4
23.Nxe4 Bxf3 24.Bxc6 bxc6 25.Nxd6 e4 26.c5 Rab8 27.Kb2 Kh8 28.Qc3 Qe7 29.Rd4 Qe5
30.Nf7+ Rxf7 31.Rd8+ Rxd8 32.Qxe5 h6 33.Qc3 Rd3 34.Qxa5 Bd1 35.Qb4 e3 36.a5 e2
37.a6 Rdd7 38.Qe4 Rde7 39.Qxc6 Rf1 40.a7 Rxe1 41.a8=Q+ Kh7 42.Qf8 Re5 43.Qfd6  1-0

[Event "It"]
[Site "Biel SUI"]
[Date "2004.07.27"]
[Round "8"]
[White "McShane,L"]
[Black "Bacrot,E"]
[Result "0-1"]
[WhiteElo "2643"]
[BlackElo "2712"]

1.e4 e5 2.Nf3 Nc6 3.Bb5 a6 4.Ba4 Nf6 5.O-O Be7 6.Bxc6 dxc6 7.d3 Nd7 8.Nbd2 O-O
9.Nc4 f6 10.Nh4 Nc5 11.Nf5 Bxf5 12.exf5 Qd7 13.Qf3 Qd5 14.Qg4 Rad8 15.Re1 Rfe8
16.a4 Bf8 17.b3 b5 18.axb5 cxb5 19.Ne3 Qd4 20.Ra2 Qxg4 21.Nxg4 e4 22.d4 Rxd4
23.Bb2 Rd6 24.Rea1 Ra8 25.Ne3 Nb7 26.c4 bxc4 27.Nxc4 Rd3 28.g4 Rxb3 29.Nd2 Rb6
30.Nxe4 Nc5 31.Ng3 Nb3 32.Rd1 Rd6 33.Re1 Rd2 34.Nf1 Rd3 35.Kg2 a5 36.Re4 Nd2
37.Re3 Rxe3 38.Nxe3 Nb3 39.Ra4 Bb4 40.h4 Rd8 41.Nc4 h6 42.Ra2 Nd2 43.Ne3 c5
44.Bc1 Nb3 45.Bb2 Rd2 46.Nc4 Re2 47.Kf1 Re4 48.Ne3 c4 49.Nd5 Re1+ 50.Kg2 Re2
51.Kf3 Nd4+  0-1